On This Day: December 14th Quiz Stats

 Plays Quiz Updated Dec 14, 2017

Challenge
Share
Tweet
Embed
Score 0/7 Timer 03:00
0 Plays Today
Question Answer Wrong Answers
This territory, sometimes called ‘The Heart of Dixie’, is admitted as the 22nd US state.
1819
Alabama
86.5%
Florida
1.1%
Missouri
6.5%
Arkansas
5.2%
Journalist Muntadhar al-Zaidi throws ______ at US President George W. Bush during a press conference in Baghdad, Iraq.
2008
His Shoes
85.3%
A Pie
7.1%
A Newspaper
3.9%
His Jacket
1.3%
This element, produced in useful quantities as part of the Manhattan Project during World War II, is first isolated in Berkeley, California.
1940
Plutonium
81.6%
Radium
12.9%
Zirconium
1.3%
Krypton
2.2%
The ______ invasion of Russia comes to an end as the remnants of the Grande Armée are expelled from Russia.
1812
French
76.5%
British
8.3%
Swedish
4%
Austrian
11.1%
This conflict ends with the signing of the Dayton Agreement in Paris.
1995
Bosnian War
56.5%
Ten-Day War
7.5%
Second Chechen War
6.2%
Gulf War
27.4%
A team led by this man becomes the first to reach the South Pole.
1911
Roald Amundsen
52.4%
John Cabot
4%
Richard E. Byrd
23.4%
Edmund Hillary
18.5%
This German physicist, an originator of quantum theory, presents a theoretical derivation of his black-body radiation law.
1900
Max Planck
46.5%
Dmitri Mendeleev
8.6%
Niels Bohr
40.7%
Louis de Broglie
2.9%

You're not logged in!

Compare scores with friends on all Sporcle quizzes.
OR
Log In

You Might Also Like...

Show Comments

Extras

Top Quizzes Today


Score Distribution

Your Account Isn't Verified!

In order to create a playlist on Sporcle, you need to verify the email address you used during registration. Go to your Sporcle Settings to finish the process.

Report this User

Report this user for behavior that violates our Community Guidelines.

Details: